Tough targets set to protect construction workers (Record no. 66245)

MARC details
000 -LEADER
fixed length control field 01695cam a2200253 4500
001 - CONTROL NUMBER
control field ABS63538
008 - FIXED-LENGTH DATA ELEMENTS--GENERAL INFORMATION
fixed length control field 000000n2001 000 0 eng u
035 ## - SYSTEM CONTROL NUMBER
System control number (Sirsi) u111195
245 ## - TITLE STATEMENT
Title Tough targets set to protect construction workers
260 ## - PUBLICATION, DISTRIBUTION, ETC.
Date of publication, distribution, etc. 2001
490 ## - SERIES STATEMENT
Series statement DETR News Release
Volume/sequential designation (102) 27 February 2001, (4)
520 ## - SUMMARY, ETC.
Summary, etc. In a keynote address to the Construction Safety Summit Conference the Deputy Prime Minister called for construction firms to sign up to new safety plans and targets. These aim to reduce construction-related deaths and serious injuries by 40% over the next four years and by 60% by 2010, and to cut the number of days lost due to injuries and ill health by 20% and 50% over the same periods. Additional measures proposed at the conference include achieving registration of all construction workers, increasing the number of safety representatives, improving training for 1.5m workers, publication of health and safety performance on government contracts, zero tolerance of bad safety practice, a commitment to health and safety under the Clients' Charter and the targeting of high risk activities within the construction process. The conference was organised in response to the rise in the number of fatalities reported by the HSE details of which are available at http://www.hse.gov.uk/ops_unit/fatal00.htm
590 ## - LOCAL NOTE (RLIN)
Local note ABS
650 ## - SUBJECT ADDED ENTRY--TOPICAL TERM
Topical term or geographic name entry element ACCIDENTS AT WORK
650 ## - SUBJECT ADDED ENTRY--TOPICAL TERM
Topical term or geographic name entry element CONSTRUCTION INDUSTRY
650 ## - SUBJECT ADDED ENTRY--TOPICAL TERM
Topical term or geographic name entry element CONSTRUCTION SAFETY SUMMIT CONFERENCE
650 ## - SUBJECT ADDED ENTRY--TOPICAL TERM
Topical term or geographic name entry element DEATHS
650 ## - SUBJECT ADDED ENTRY--TOPICAL TERM
Topical term or geographic name entry element FATAL ACCIDENTS
650 ## - SUBJECT ADDED ENTRY--TOPICAL TERM
Topical term or geographic name entry element HEALTH AND SAFETY EXECUTIVE
650 ## - SUBJECT ADDED ENTRY--TOPICAL TERM
Topical term or geographic name entry element HSE
650 ## - SUBJECT ADDED ENTRY--TOPICAL TERM
Topical term or geographic name entry element INJURIES
690 ## - LOCAL SUBJECT ADDED ENTRY--TOPICAL TERM (OCLC, RLIN)
Topical term or geographic name as entry element BUILT ENVIRONMENT-BUILDING STANDARDS
942 ## - ADDED ENTRY ELEMENTS (KOHA)
Suppress in OPAC 0
Holdings
Withdrawn status Lost status Source of classification or shelving scheme Damaged status Not for loan Home library Current library Shelving location Date acquired Total Checkouts Full call number Barcode Date last seen Copy number Price effective from Koha item type
    Dewey Decimal Classification     London London Journal article 28/02/2001   ABS63538 111195-1001 06/08/2019 1 06/08/2019 Journal article